000 00627nam a2200265Ia 4500
005 20260121165434.0
008 008 260114s9999 xx 000 0 eng d
020 _a9783319451954
037 _aEBOOK
040 _aCRL
040 _beng
040 _cCRL
041 _2eng
041 _aeng
084 _qCRL
100 _aErin Jessee
_91051725
245 0 _aNegotiating Genocide in Rwanda
260 _bSpringer
260 _bSpringer
260 _c2017
856 _uhttps://link.springer.com/openurl?genre=book&isbn=978-3-319-45195-4
942 _cEBOOK
999 _c1617450
_d1617450